Engineering hydrology (Record no. 278538)

MARC details
000 -LEADER
fixed length control field 00428nam a2200181Ia 4500
005 - DATE AND TIME OF LATEST TRANSACTION
control field 20240627143704.0
008 - FIXED-LENGTH DATA ELEMENTS--GENERAL INFORMATION
fixed length control field 240126s9999 xx 000 0 und d
020 ## - INTERNATIONAL STANDARD BOOK NUMBER
International Standard Book Number 9781259029974
082 ## - DEWEY DECIMAL CLASSIFICATION NUMBER
Classification number 551.48 SUB;1
100 ## - MAIN ENTRY--PERSONAL NAME
Personal name Subramanya, K.
245 #0 - TITLE STATEMENT
Title Engineering hydrology
250 ## - EDITION STATEMENT
Edition statement 4th ed.
260 ## - PUBLICATION, DISTRIBUTION, ETC. (IMPRINT)
Name of publisher, distributor, etc. McGraw Hill
Place of publication, distribution, etc. New Delhi
Date of publication, distribution, etc. 2013
300 ## - PHYSICAL DESCRIPTION
Extent xvi, 534
440 ## - SERIES STATEMENT/ADDED ENTRY--TITLE
Title NULL
650 ## - SUBJECT ADDED ENTRY--TOPICAL TERM
Topical term or geographic name as entry element hydrology
942 ## - ADDED ENTRY ELEMENTS (KOHA)
Koha item type PESU Books
Holdings
Date last seen Total Checkouts Full call number Accession number Old discount Volume/Issue Number Cost, replacement price Price effective from Category Lost status Damaged status Department Withdrawn status bill no. Permanent Location Current Location Shelving location Entry date Vendor Cost, normal purchase price Grants Currency symbol Conversion rate Discount Discount type
26/01/2024   551.48 SUB;1 PU5046 25 (05/07/1905) 393.75 26/01/2024 PESU Books         IN207 Central Library Central Library   15/07/2016 Sunrise 525.00 Civil RS 1 131.25 Rupees
26/01/2024   551.48 SUB;2 PU5047 25 (05/07/1905) 393.75 26/01/2024 PESU Books         IN207 Central Library Central Library   15/07/2016 Sunrise 525.00 Civil RS 1 131.25 Rupees
26/01/2024   551.48 SUB;3 R PU5550 25 (05/07/1905) 393.75 26/01/2024 PESU Books     Central Library   IN469 Central Library Central Library Central Library 31/08/2016 Sunrise 525.00 Civil RS 1 131.25 Rupees
26/01/2024   551.48 SUB;4 R1 PU5551 25 (05/07/1905) 393.75 26/01/2024 PESU Books     Central Library   IN469 Central Library Central Library Central Library 31/08/2016 Sunrise 525.00 Civil RS 1 131.25 Rupees
26/01/2024   551.48 SUB;5 PU5552 25 (05/07/1905) 393.75 26/01/2024 PESU Books     Central Library   IN469 Central Library Central Library Central Library 31/08/2016 Sunrise 525.00 Civil RS 1 131.25 Rupees
26/01/2024   551.48 SUB;6 PU5553 25 (05/07/1905) 393.75 26/01/2024 PESU Books     Central Library   IN469 Central Library Central Library Central Library 31/08/2016 Sunrise 525.00 Civil RS 1 131.25 Rupees
26/01/2024   551.48 SUB;7 PU5554 25 (05/07/1905) 393.75 26/01/2024 PESU Books     Central Library   IN469 Central Library Central Library Central Library 31/08/2016 Sunrise 525.00 Civil RS 1 131.25 Rupees

© For any Suggestions or Query, please contact the library staff @ librarian@pes.edu or Phone: +9180 2672 1983/ 2108.